Statistiques concernant L'Art de A à Z

Cliquez ici pour prendre le quiz!

Statistiques générales

  • Ce quiz a été pris 412 fois
  • Le résultat moyen est 14 sur 25

Statistiques - réponses

IndicesRéponse% Correct
ANom donné à une peinture qui représente son auteurAutoportrait
91%
JAussi connue sous le nom de Mona LisaJoconde
90%
GTableau de Picasso de 1937 représentant la guerre d'EspagneGuernica
89%
VIl s'est coupé l'oreilleVincent Van Gogh
88%
RSculpteur du "Penseur"Auguste Rodin
82%
MChef de file de l'impressionnisme, il a résidé à GivernyClaude Monet
81%
KArtiste mexicaine se représentant souvent elle même dans ses œuvresFrida Kahlo
78%
BIl a peint "La naissance de Vénus" ou "Le printemps"Sandro Botticelli
77%
LPlus célèbre tableau de Delacroix, icône de la république françaiseLa liberté guidant le peuple
76%
WPeintre connu pour ses portraits de Marylin MonroeAndy Warhol
74%
ZIl avait une statue à son effigie à Olympie, merveille du monde antiqueZeus
74%
YPrénom du peintre Klein, connu pour son bleuYves
57%
ECourant artistique du début du XXème siècle à ne pas confondre avec l'impressionnismeExpressionnisme
53%
OPrénom du peintre nommé DixOtto
52%
PCourant culturel et artistique et coloré des années 60Pop Art
51%
HPeintre japonais connu pour "La Grande Vague de Kanagawa"Katsushika Hokusai
40%
IGrand peintre français du XIXème, connu pour ses bains turcsJean-Auguste-Dominique Ingres
36%
TPeintre vénitien du XVIème siècleTitien
34%
FPeintre du célèbre "Le Voyageur contemplant une mer de nuages"Caspar David Friedrich
32%
CChef de file du courant réalisteGustave Courbet
30%
QRegroupe Michel-Ange et Raphaël, littéralement "années 1400" en italienQuattrocento
29%
SMaître du pointillismeGeorges Seurat
28%
NPeint par Paul Véronèse, c'est le plus grand tableau du LouvresNoces de Cana
21%
DVille d'origine de Vermeer aux pays basDelft
16%
UNom de la Vénus peinte par ce dernierUrbain
14%

Distribution des résultats

Percentile par nombre de réponses

% des personnes avec chaque résultat

Votre développement - résultats

Vous n’avez pas pris ce quiz